Carlos Santana Discography - Statistics

General Stats
  • This quiz has been taken 28 times
    21 since last reset
  • The average score is 12 of 94
Answer Stats
Type Year Name % Correct
Album 1970 Abraxas
87%
Album 1999 Supernatural
73%
Album 1969 Santana
67%
Album 1971 Santana
67%
Album 1976 Amigos
53%
Album 1972 Caravanserai
53%
Album 1977 Moonflower
53%
Live Album 1974 Lotus
40%
Album 1981 Zebop!
40%
Album 1973 Welcome
33%
Album 2019 Africa Speaks
27%
Album 1974 Borboletta
27%
Double Package 2007 Havana Moon / Blues for Salvador
27%
Album 1977 Festival
20%
Album 1978 Inner Secrets
20%
Album 1979 Marathon
20%
Album 1979 Oneness: Silver Dreams - Golden Reality
20%
Album 2016 Santana IV
20%
Album 1982 Shangó
20%
Collaborative Album 1970 Woodstock: Music from the Original Soundtrack and More
20%
Album 2005 All That I Am
13%
Album 1987 Blues for Salvador
13%
Album 2014 Corazón
13%
Album 1987 Freedom
13%
Album 1983 Havana Moon
13%
Collaborative Album 1974 Illuminations
13%
Collaborative Album 1973 Love Devotion Surrender
13%
Album 1992 Milagro
13%
Concert Film 2003 Sacred Fire
13%
Live Album 1993 Sacred Fire: Live in South America
13%
Compilation 1974 Santana's Greatest Hits
13%
Album 2002 Shaman
13%
Album 2012 Shape Shifter
13%
Compilation 2002 The Essential Santana
13%
Compilation 1978 25 Hits
7%
Compilation 1998 Best Instrumentals
7%
Compilation 1999 Best Instrumentals Vol. 2
7%
Album 1985 Beyond Appearances
7%
Collaborative Album 1978 California Jam II
7%
Compilation 2003 Ceremony: Remixes & Rarities
7%
Live Album 2014 Corazón - Live from Mexico: Live It to Believe It
7%
Box Set 1995 Dance of the Rainbow Serpent
7%
Collaborative Soundtrack 2004 Dirty Dancing: Havana Nights
7%
Collaborative Album 1972 Fillmore: The Last Days
7%
Collaborative Album 2004 Food for Thought
7%
Collaborative Soundtrack 2000 Girlfight: Music from the Motion Picture
7%
Cover Album 2010 Guitar Heaven: The Greatest Guitar Classics of All Time
7%
EP 2019 In Search of Mona Lisa
7%
Live Album 1997 Live at the Fillmore 1968
7%
Compilation 2004 Love Songs
7%
Compilation 2008 Multi-Dimensional Warrior
7%
Collaborative Album 1988 Pioneers of the New Age
7%
Collaborative Holiday Album 2000 Platinum Christmas
7%
Collaborative Album 2005 Possibilities
7%
Collaborative Tribute Album 2004 Power of Soul: A Tribute to Jimi Hendrix
7%
Collaborative Album 2001 Primavera
7%
Compilation 2003 Relaxin' with Santana
7%
Live Album 2016 Santana IV: Live at the House of Blues, Las Vegas
7%
Album 1990 Spirits Dancing in the Flesh
7%
Compilation 1997 Summer Dreams - The Best Ballads of Santana
7%
Compilation 1991 The Best of Santana
7%
Compilation 1998 The Best of Santana
7%
Compilation 2000 The Best of Santana Vol. 2
7%
Compilation 1992 The Definitive Collection
7%
Collaborative Album 1972 The Guitars That Destroyed the World
7%
Compilation 1997 The Ultimate Collection
7%
Compilation 1986 The Very Best of Santana
7%
Reissued Compilation 1990 The Very Best of Santana
7%
Reissued Compilation 1996 The Very Best of Santana
7%
Live Album 2007 The Very Best of Santana - Live in 1968
7%
Collaborative Box Set 2009 The Woodstock Experience
7%
Compilation 2007 Ultimate Santana
7%
Compilation 1988 Viva Santana!
7%
Concert Film 1991 Viva Santana!
7%
Collaborative Album 2004 We are the Future
7%
Concert Film 2002 Adventures in Rhythm in Afro-Cuban to Rock
0%
Concert Film 2005 A&E Live by Request
0%
Box Set 2006 Blues at Montreux
0%
Compilation 2004 Carlos Santana
0%
Compilation 2006 Carlos Santana
0%
Collaborative Live Album 2007 Carlos Santana and Wayne Shorter - Live at the Montreux Jazz Festival 1988
0%
Collaborative Live Album 1972 Carlos Santana & Buddy Miles! Live!
0%
Live Album 2004 Carlos Santana Live
0%
Collaborative Album 2000 Eat at Whitey's
0%
Concert Film 2007 Hymns for Peace: Live at Montreux 2004
0%
Concert Film 2000 Influences
0%
Concert Film 1999 Lightdance
0%
Compilation 2001 Magic of Carlos Santana
0%
Collaborative Album 1994 Santana Brothers
0%
Concert Film 1971 Soul to Soul
0%
Concert Film 2000 Supernatural Live
0%
Compilation 2003 The Latin Sound of Carlos Santana
0%
Album 1980 The Swing of Delight
0%
Compilation 2005 Very Best of Carlos Santana
0%
No matching quizzes found
Score Distribution
Percent of People with Each Score
Percentile by Number Answered
Your Score History
You have not taken this quiz since the last reset